Statistiken für Demonyme aller Länder der Welt

Klicken Sie hier um das Quiz zu spielen!

Allgemein

  • Dieses Quiz wurde 135 mal gespielt
  • Das Durchschnittsergebnis liegt bei 85 aus 195

Antwortstatistiken

HintAntwort% Korrekt
AlbanienAlbaner/Albanier
98%
BelgienBelgier
93%
DeutschlandDeutsche
93%
Bosnien und HerzegowinaBosnier/Herzegowiner
89%
BulgarienBulgaren
88%
IslandIsländer
87%
ItalienItaliener
87%
DänemarkDänen
86%
IrlandIren
86%
FinnlandFinnen
85%
FrankreichFranzosen
85%
GriechenlandGriechen
85%
KroatienKroaten
84%
LettlandLetten
82%
ÖsterreichÖsterreicher
82%
PolenPolen
82%
RusslandRussen
82%
LuxemburgLuxemburger
81%
NiederlandeNiederländer
81%
NorwegenNorweger
81%
SchwedenSchweden
81%
RumänienRumänen
80%
SchweizSchweizer
80%
PortugalPortugiesen
79%
SpanienSpanier
79%
UkraineUkrainer
79%
EstlandEsten
78%
LiechtensteinLiechtensteiner
77%
SerbienSerben
77%
TschechienTschechen
77%
LitauenLitauer
76%
SlowakeiSlowaken
76%
SlowenienSlowenen
74%
BelarusBelarussen
71%
Vereinigtes KönigreichBriten
65%
IrakIraker
65%
IranIraner
65%
AfghanistanAfghanen
64%
ArmenienArmenier
64%
ChinaChinesen
64%
JapanJapaner
64%
AndorraAndorraner
63%
MaltaMalteser
63%
UngarnUngaren
63%
BrasilienBrasilianer
61%
IndienInder
60%
TürkeiTürken
60%
ArgentinienArgentinier
59%
AustralienAustralier
59%
KubaKubaner
59%
MexikoMexikaner
59%
NordkoreaNordkoreaner
59%
SüdkoreaSüdkoreaner
59%
Vereinigte StaatenAmerikaner
58%
IndonesienIndonesier
58%
ThailandThailänder
57%
ÄgyptenÄgypter
56%
JamaikaJamaikaner
56%
AserbaidschanAserbaidschaner
55%
GeorgienGeorgier
55%
NeuseelandNeuseeländer
55%
SyrienSyrer
55%
KanadaKanadier
54%
LibanonLibanesen
54%
PakistanPakistaner
54%
VietnamVietnamesen
54%
JordanienJordanier
53%
KolumbienKolumbianer
53%
AlgerienAlgerier
52%
MongoleiMongolen
52%
PeruPeruaner
52%
KasachstanKasachen
51%
MonacoMonegassen
51%
Dominikanische RepublikDominikaner
50%
NordmazedonienMazedonier
50%
UsbekistanUsbeken
50%
BhutanBhutaner
49%
BahrainBahrainer
48%
IsraelIsraelis
48%
KosovoKosovaren
48%
NigeriaNigerianer
48%
KeniaKenianer
47%
NepalNepalesen
47%
TaiwanTaiwaner
47%
BolivienBolivianer
46%
OmanOmaner
46%
SüdafrikaSüdafrikaner
46%
ÄthiopienÄthiopier
45%
ChileChilenen
45%
Costa RicaCosta Ricaner
45%
DominicaDominicaner
45%
KambodschaKambodschaner
45%
KamerunKameruner
45%
MarokkoMarokkaner
45%
EcuadorEcuadorianer
44%
KuwaitKuwaiter
43%
TunesienTunesier
42%
KirgisistanKirgisen
41%
TurkmenistanTurkmenen
41%
GabunGabuner
40%
BeninBeniner
39%
GuyanaGuyaner
39%
MoldawienMoldauer
39%
UruguayUruguayer
39%
ParaguayParaguayer
38%
BruneiBruneier
37%
KatarKatarer
37%
LibyenLibyer
37%
SurinameSurinamer
37%
TadschikistanTadschiken
37%
Saudi-ArabienSaudi-Araber
36%
PhilippinenPhilippiner
35%
AngolaAngolaner
34%
GhanaGhanaer
34%
HaitiHaitianer
34%
MauretanienMauretanier
34%
SenegalSenegalesen
34%
LiberiaLiberianer
33%
MalaysiaMalaysier
33%
SudanSudanesen
33%
NicaraguaNicaraguaner
32%
SüdsudanSüdsudanesen
32%
BangladeschBangladescher
31%
Demokratische Republik Kongo | Republik KongoKongolesen
31%
SomaliaSomalier
31%
MaledivenMalediver
30%
Föderierte Staaten von MikronesienMikronesier
30%
SamoaSamoaner
30%
MalawiMalawier
29%
TansaniaTansanier
29%
BelizeBelizer
28%
MontenegroMontenegriner
28%
PalauPalauer
28%
LaosLaoten
27%
MaliMalier
27%
GambiaGambier
26%
SingapurSingapurer
26%
EritreaEritreer
25%
GrenadaGrenader
25%
GuineaGuineer
25%
NamibiaNamibier
25%
PanamaPanamaer
25%
SambiaSambier
25%
UgandaUgander
25%
JemenJemeniten
24%
TogoTogoer
24%
TschadTschader
24%
RuandaRuander
23%
Zentralafrikanische RepublikZentralafrikaner
23%
St. LuciaLucianer
22%
TongaTongaer
22%
TuvaluTuvaluer
22%
VanuatuVanuatuer
22%
Antigua und BarbudaAntiguaner/Barbudaner
21%
HondurasHonduraner
21%
KomorenKomorer
21%
NauruNauruer
21%
SalomonenSalomoner
21%
El SalvadorSalvadorianer
20%
SimbabweSimbabwer
20%
FidschiFidschianer
19%
Guinea-BissauGuinea-Bissauer
19%
Äquatorial-GuineaÄquatorialguineer
18%
KiribatiKiribatier
18%
DschibutiDschibutier
17%
Sri LankaSri Lanker
17%
ElfenbeinküsteIvorer
16%
SeychellenSeycheller
16%
BurundiBurunder
15%
Vereinigte Arabische EmirateEmirater
15%
LesothoLesother
15%
MadagaskarMadagassen
15%
MauritiusMauritier
15%
MosambikMosambikaner
15%
Sierra LeoneSierra-Leoner
15%
ZypernZyprer
15%
GuatemalaGuatemalteken
14%
San MarinoSan-Marinesen
14%
MyanmarBurmesen
13%
MarshallinselnMarshaller
13%
Papua-NeuguineaPapua-Neuguineer
12%
OsttimorTimoresen/Timorer
11%
Trinidad und TobagoTrinidadier/Tobagoer
11%
BahamasBahamaer
9%
VenezuelaVenezolaner
9%
St. Vincent und die GrenadinenVincenter
9%
Kap VerdeKapverdier/Kapverdianer
8%
EswatiniSwazi
7%
Burkina FasoBurkiner
6%
São Tomé und PríncipeSão Toméer
6%
BarbadosBarbadier
5%
St. Kitts und NevisKittitianer/Nevisianer
5%
NigerNigrer
5%
BotswanaBotsuaner
4%

Verteilung der Resultate

Perzentil nach korrekt beantworteten Fragen

Anzahl Personen mit jedem Resultat

Ihre Resultats-Entwicklung

Sie haben dieses Quiz noch nicht gespielt